Tín ngưỡng thờ cúng ở Phú Thọ - nền tảng văn hóa gia đình vùng đất tổ
Nội dung sách giới thiệu từ tín ngưỡng nguyên thủy đến tín ngưỡng thờ cúng ông bà, tổ tiên và các vua Hùng ở Phú Thọ. Các tập tục truyền thống của văn hóa gia đình ở Phú Thọ...
Enregistré dans:
| Auteur principal: | |
|---|---|
| Format: | Livre |
| Langue: | Undetermined |
| Publié: |
Hà Nội
Văn hóa Dân tộc
2016
|
| Sujets: | |
| Tags: |
Ajouter un tag
Pas de tags, Soyez le premier à ajouter un tag!
|
| Thư viện lưu trữ: | Trung tâm Học liệu Trường Đại học Cần Thơ |
|---|
| LEADER | 00968nam a2200205Ia 4500 | ||
|---|---|---|---|
| 001 | CTU_225863 | ||
| 008 | 210402s9999 xx 000 0 und d | ||
| 082 | |a 390.09597 | ||
| 082 | |b Th502 | ||
| 100 | |a Đặng, Đình Thuận | ||
| 245 | 0 | |a Tín ngưỡng thờ cúng ở Phú Thọ - nền tảng văn hóa gia đình vùng đất tổ | |
| 245 | 0 | |c Đặng Đình Thuận | |
| 260 | |a Hà Nội | ||
| 260 | |b Văn hóa Dân tộc | ||
| 260 | |c 2016 | ||
| 520 | |a Nội dung sách giới thiệu từ tín ngưỡng nguyên thủy đến tín ngưỡng thờ cúng ông bà, tổ tiên và các vua Hùng ở Phú Thọ. Các tập tục truyền thống của văn hóa gia đình ở Phú Thọ... | ||
| 650 | |a Phong tục tập quán,Manners and customs | ||
| 650 | |z Việt Nam,Vietnam | ||
| 910 | |b dqhieu | ||
| 980 | |a Trung tâm Học liệu Trường Đại học Cần Thơ | ||